LEADER 01598nam a2200313 i 4500 001 000000256495 003 CaOOAMICUS 005 20171130000000.0 008 171130s2017 be u000 u mul u 013 $a235403 020 $a978-90-429-3431-3 040 $aSeMil$bita 245 10$aVernacular Bible and religious reform in the Middle Ages and early modern era /$cedited by Wim François, August den Hollander ; with the collaboration of Els Agten. 260 $aLeuven [etc.] :$bPeeters,$c2017. 300 $aVIII, 305 p. ;$c25 cm. 490 0 $aBibliotheca Ephemeridum Theologicarum Lovaniensium ;$v287. 650 4$aBibbia - Testo - Storia.$0(OLS)http://semarc/subject/45701 650 4$aBibbia - Versioni - Storia.$0(OLS)http://semarc/subject/47004 650 4$aBibbia - Edizioni - Storia.$0(OLS)http://semarc/subject/47005 700 1 $aFrançois, Wim,$d<1963- >.$0(OLS)http://semarc/name/93696 700 1 $aAgten, Els.$0(OLS)http://semarc/name/94655 700 1 $aHollander, Aurelius Augustinus : den <1963- >.$0(OLS)http://semarc/name/63104 830 0$aBibliotheca Ephemeridum Theologicarum Lovaniensium ;$v287.$0(OLS)http://semarc/title/108 850 $aSeMil 852 $aSeMil$W1$xVenegono$y1$m2IA A 287$j206841$B206841$CSeMilBibl$Z2$F220240 $81 961 $aSottoscrizione: Peeters 996 $6020$a978-90-429-3431-3$9(OLS)http://semarc/number/280822 996 $6245$aVernacular Bible and religious reform in the Middle Ages and early modern era$9(OLS)http://semarc/title/412278 996 $6260$aLeuven [etc.] :$bPeeters$9(OLS)http://semarc/publisher/32081 LEADER 01484nam a2200325 i 4500 001 000000111429 003 CaOOAMICUS 005 20030121000000.0 008 030121s1996 it u000 u ita u 013 $a84111 020 $a88-05-05577-8 040 $aSeMil$bita 100 1 $aDel Rio, Domenico <1926-2003>.$0(OLS)http://semarc/name/18833 245 10$aSalesiani e gesuiti :$bviaggio inchiesta all'interno di due grandi congregazioni religiose /$cDomenico Del Rio, Angelo Paoluzzi ; prefazione di Gian Franco Svidercoschi. 260 $aTorino :$bSEI,$c1996. 300 $aX, 169 p. ;$c22 cm. 490 0 $aSEI. Religione 500 $aFondo Card. C.M. Martini. 650 4$aSalesiani - Inchieste.$0(OLS)http://semarc/subject/19959 650 4$aGesuiti - Inchieste.$0(OLS)http://semarc/subject/12102 700 1 $aPaoluzi, Angelo,$d<1928-2019>.$0(OLS)http://semarc/name/22695 700 1 $aSvidercoschi, Gian Franco <1936->.$0(OLS)http://semarc/name/18351 830 0$aSEI. Religione.$0(OLS)http://semarc/title/9840 850 $aSeMil 852 $aSeMil$W1$xVenegono$y1$m3G III 35$j67263$B67263$CSeMilBibl$Z2$F97078 $81 941 1 $a4 961 $aOmaggio: Martini Card. Carlo Maria 996 $6020$a88-05-05577-8$9(OLS)http://semarc/number/93600 996 $6245$aSalesiani e gesuiti :$bviaggio inchiesta all'interno di due grandi congregazioni religiose$9(OLS)http://semarc/title/407525 996 $6260$aTorino :$bSEI$9(OLS)http://semarc/publisher/29848